| 000 | 00477nam a22001817r 4500 | ||
|---|---|---|---|
| 003 | 3228 | ||
| 005 | 20260608151257.0 | ||
| 008 | 260608b sa ||||| |||| 00| 1 Afr d | ||
| 020 | _a9780795710285 | ||
| 040 |
_aMPL _beng _c3228 _erda |
||
| 041 | _aAfrikaans | ||
| 082 | 0 | _aAF JANT | |
| 100 |
_9199716 _aJANTJIES AUDREY |
||
| 245 | _aAS DIE KATJIEPIERING BLOM | ||
| 260 |
_aCape Town: _bKwela Boeke publishers _c2022 |
||
| 300 |
_a239 pages _c20 cm |
||
| 942 |
_2ddc _cBOOK _eDDC23 _w307 _xKhelina Sibanyoni _y307 _zKhelina Sibanyoni |
||
| 999 |
_c800076 _d800075 |
||